Introduction to electromagnetic fields and waves (Record no. 8146)
[ view plain ]
| 000 -LEADER | |
|---|---|
| fixed length control field | 00942cam a22002891 4500 |
| 001 - CONTROL NUMBER | |
| JCCL Control Number | 8146 |
| 003 - CONTROL NUMBER IDENTIFIER | |
| JCCL marc code | BD-JhCC |
| 005 - DATE AND TIME OF LATEST TRANSACTION | |
| control field | 20180219082758.0 |
| 008 - FIXED-LENGTH DATA ELEMENTS--GENERAL INFORMATION | |
| fixed length control field | 721219s1962 caua 000 0 eng |
| 035 ## - SYSTEM CONTROL NUMBER | |
| system control number | (BD-JhCC)8146 |
| 040 ## - CATALOGING SOURCE | |
| Original cataloging agency | DLC |
| Transcribing agency | DLC |
| Modifying agency | DLC |
| -- | BD-JhCC |
| 041 ## - LANGUAGE CODE | |
| Language code of Book | eng |
| 050 00 - LIBRARY OF CONGRESS CALL NUMBER | |
| Classification number | QC670 |
| Item number | .C6 |
| 082 00 - DEWEY DECIMAL CLASSIFICATION NUMBER | |
| Classification number | 537.12 |
| Author mark and Year | COR 1962 |
| 100 1# - MAIN ENTRY--PERSONAL NAME | |
| Personal name | Corson, Dale R. |
| 245 00 - TITLE STATEMENT | |
| Title | Introduction to electromagnetic fields and waves |
| Statement of responsibility, etc | [by] Dale R. Corson [and] Paul Lorrain. |
| 260 ## - PUBLICATION, DISTRIBUTION, ETC. (IMPRINT) | |
| Place of publication, distribution, etc | San Francisco, |
| Name of publisher, distributor, etc | W. H. Freeman |
| Date of publication, distribution, etc | [1962] |
| 300 ## - PHYSICAL DESCRIPTION | |
| Pagination | 552 p. |
| Other physical details | illus. |
| Dimensions | 25 cm. |
| 490 0# - SERIES STATEMENT | |
| Series statement | A Series of books in physics |
| 500 ## - GENERAL NOTE | |
| General note | Second ed. published in 1970 under title: Electromagnetic fields and waves, by P. Lorrain and D. R. Corson. |
| 650 #0 - SUBJECT ADDED ENTRY--TOPICAL TERM | |
| Topical term or geographic name as entry element | Electromagnetic fields. |
| 650 #0 - SUBJECT ADDED ENTRY--TOPICAL TERM | |
| Topical term or geographic name as entry element | Electromagnetic waves. |
| 700 1# - ADDED ENTRY--PERSONAL NAME | |
| Personal name | Lorrain, Paul, |
| 740 ## - | |
| Uncontrolled related/analytical title | Electromagnetic fields and waves. |
| 942 ## - ADDED ENTRY ELEMENTS (KOHA) | |
| Source of classification or shelving scheme | Dewey Decimal Classification |
| Koha item type | Books |
| Source of classification or shelving scheme | Damaged status | Not for loan | Home library | Current library | Shelving location | Date of accession | Total Checkouts | Full call number | Barcode | Date last seen | Date checked out | Copy number | Koha item type |
|---|---|---|---|---|---|---|---|---|---|---|---|---|---|
| Dewey Decimal Classification | JCC Rouf Library | JCC Rouf Library | General Stacks | 05/29/2023 | 2 | 537.12 COR 1962 | 10776 | 09/01/2024 | 07/30/2024 | C - 1 | Books |